000 00911nam a22002777a 4500
001 BR7701597
003 BR-BrBNA
005 20230928085224.0
007 ta
008 230509b bl.||||| |||| 00| 0 por d
040 _aBR-BrBNA
_bpor
_cBiblioteca Nacional de Agricultura
041 _a(Por)
072 _aF27; F00
_b0120
_b1410
_b/G514
090 _ 0120 BR7701597
100 1 _aFardim, F.
110 1 _aEscola Superior de Agricultura de Lavras, MG (Brasil)
_0Tese (Mestrado)
245 1 _aInfluencia de sistemas de consorciacao na produtividade e outras caracteristicas agronomicas do milho e do feijao [Zea mays; Phaseolus vulgaris; Brasil]
260 3 _aLavras, MG (Brasil):
_c1977.
300 _a61 p.
500 _a39 tables; 16 ref.; Summaries (Eng, Por)
650 _aMilho
650 _aFeijao
650 _aConsorciacao de cultura
909 _a202309
_bLucia
_c55
_dLucia Elande
942 _cBK
999 _c23353
_d23353